Uplatnenie absolventov s ekonomickým zameraním na trhu práce bakalárska práca

Salvato in:
Dettagli Bibliografici
Autore principale: Sipská, Alexandra
Ente Autore: Podnikovohospodárska fakulta EU so sídlom v Košiciach. Katedra finančného riadenia podniku
Altri autori: Štofová, Lenka, 1989-
Natura: Libro
Lingua:slovacco
Pubblicazione: Košice 2021
Tags: Aggiungi Tag
Nessun Tag, puoi essere il primo ad aggiungerne!!

MARC

LEADER 00000nbm a2200000 4500
001 0275021
005 20220331094606.8
041 0 |a slo 
044 |a SK 
245 1 0 |a Uplatnenie absolventov s ekonomickým zameraním na trhu práce  |b bakalárska práca  |c Alexandra Sipská ; školiteľ: Lenka Štofová 
264 1 |a Košice  |c 2021 
300 |a 64 s. 
100 1 |a Sipská, Alexandra 
700 1 |a Štofová, Lenka, 1989- 
710 2 |a Podnikovohospodárska fakulta EU so sídlom v Košiciach. Katedra finančného riadenia podniku